| 000 | 01009cam a2200301 a 4500 | ||
|---|---|---|---|
| 001 | 26049 | ||
| 003 | BD-RjUL | ||
| 005 | 20211209050950.0 | ||
| 008 | 140320s1981 nyu b 001 0 eng | ||
| 020 | _a0029128102 | ||
| 020 | _a0029126703 | ||
| 035 | _a(BD-RjUL)26119 | ||
| 035 | _a1584573 | ||
| 040 |
_aLC _beng _cLC _dSFU _dBD-RjUL |
||
| 041 | _aeng | ||
| 082 | 0 | 4 |
_a951 _219 _bGRI 1981 |
| 100 | 1 |
_aGrieder, Jerome B. _980029 |
|
| 245 | 1 | 0 |
_aIntellectuals and the state in modern China : _ba narrative history / _cJerome B. Grieder. |
| 260 |
_aNew York ; _bFree Press ; _aLondon : _bCollier Macmillan, _cc1981. |
||
| 300 |
_axix, 395 p. ; _c25 cm. |
||
| 504 | _aIncludes Bibliography: p. 378-383 and index. | ||
| 650 | 0 |
_aIntellectuals _zChina _xPolitical activity. _980031 |
|
| 651 | 0 |
_aChina _xIntellectual life _y1644-1912. _980032 |
|
| 651 | 0 |
_aChina _xIntellectual life _y1912-1949. _980033 |
|
| 942 |
_2ddc _cBK |
||
| 999 |
_c26049 _d26049 |
||